Harry Potter Groups of Three - Statistics

General Stats
  • This quiz has been taken 299 times
    284 since last reset
  • The average score is 14 of 18
Answer Stats
Hint Answer % Correct
Main Characters Harry Potter
100%
Main Characters Hermione Granger
99%
Main Characters Ronald Weasley
99%
Deathly Hallows Elder Wand
93%
Schools at the Triwizard Tournament Hogwarts
92%
Deathly Hallows Invisibility Cloak
90%
Schools at the Triwizard Tournament Durmstrang
87%
Schools at the Triwizard Tournament Beauxbatons
85%
Deathly Hallows Resurrection Stone
81%
Challenges in the Triwizard Tournament Dragons
78%
Challenges in the Triwizard Tournament Black Lake
77%
Challenges in the Triwizard Tournament Maze
76%
Wizarding Currency Galleon
74%
Peverell Brothers Ignotus
65%
Wizarding Currency Knut
60%
Wizarding Currency Sickle
59%
Peverell Brothers Cadmus
56%
Peverell Brothers Antioch
55%
No matching quizzes found
Score Distribution
Percent of People with Each Score
Percentile by Number Answered
Your Score History
You have not taken this quiz since the last reset